Business Communication Skills : Students Handbook (Record no. 2893)

MARC details
005 - DATE AND TIME OF LATEST TRANSACTION
control field 20250530132017.0
020 ## - INTERNATIONAL STANDARD BOOK NUMBER
International Standard Book Number 9987-617-35-2
082 ## - DEWEY DECIMAL CLASSIFICATION NUMBER
Classification number 651.7 SHU
100 ## - MAIN ENTRY--PERSONAL NAME
Author name SHUMBUSHO, G..N.
245 ## - TITLE STATEMENT
Title Business Communication Skills : Students Handbook
260 ## - PUBLICATION, DISTRIBUTION, ETC.
Place of publication, distribution, etc. Dar es Salaam,
Name of publisher, distributor, etc. Research Information and publications Department,
Date of publication, distribution, etc. 2004.
300 ## - PHYSICAL DESCRIPTION
Extent ii, 86p.: Ill.; figures.
Dimensions 22cm.
700 ## - ADDED ENTRY--PERSONAL NAME
Other authors/Editors MWAIJANDE, F. A.
942 ## - ADDED ENTRY ELEMENTS (KOHA)
Source of classification or shelving scheme Dewey Decimal Classification
Koha item type Books
Holdings
Date last seen Total checkouts Full call number Barcode Cost, replacement price Price effective from Koha item type Lost status Source of classification or shelving scheme Damaged status Not for loan Withdrawn status Home library Current library Shelving location Date acquired Cost, normal purchase price
05/30/2025   651..7 SHU 00000010479 54000.00 05/30/2025 Books   Dewey Decimal Classification       College of Business Education Main Library College of Business Education Main Library Special Reserve Collection 08/09/2008 18000.00